| 000 | 006980000a22002050004500 | ||
|---|---|---|---|
| 003 | LK-CoMWRAF | ||
| 005 | 20240503105559.0 | ||
| 008 | 230817t2000 ||||| |||| 00| 0 eng d | ||
| 040 |
_aLK-CoMWRAF _dLK-CoMWRAF _eLK-CoMWRAF |
||
| 041 | _aeng | ||
| 082 |
_a305.42 _bINT |
||
| 245 |
_aThe International Criminal Court: _bthe Beijing platform IN action-putting The ICC on the Beijing +5 agenda |
||
| 260 |
_aNew York: _bThe Women's Caucus For Gender Justice, _c2000 |
||
| 300 | _a34 p. | ||
| 650 | _aWOMEN'S RIGHTS | ||
| 700 |
_aSpees, Pam _eed. _ecomp. |
||
| 700 |
_aNainar, Vahida _ecomp. |
||
| 856 | _uhttp://iccwomen.org/wigjdraft1/Archives/oldWCGJ/resources/bplus5/bplus5index.html | ||
| 942 | _cBK | ||
| 999 |
_c124 _d124 |
||